00000000cam 2200000zi 4500
0019.951605
003CaOODSP
00520260528084235
006m     o  d f      
007cr mn|||||||||
008250530e20250707onc     ob   f000 0 eng d
020 |a9780660775227
040 |aCaOODSP|beng|erda|cCaOODSP
043 |an-cn---
0861 |aP114-33/2025E-PDF
24500|aContract administration in construction contracts / |cOffice of the Procurement Ombud.
264 1|aOttawa, Ontario : |bOffice of the Procurement Ombud = Bureau de l'ombud de l'approvisionnement, |cJuly 7, 2025.
300 |a1 online resource (19 pages)
336 |atext|btxt|2rdacontent
337 |acomputer|bc|2rdamedia
338 |aonline resource|bcr|2rdacarrier
500 |aCover title.
500 |a"Promoting fairness, openness & transparency in federal procurement."
500 |aIssued also in French under title: Administration des contrats de construction.
504 |aIncludes bibliographical references (pages 16-19).
520 |a"This study explores some of the common issues that are affecting the administration of construction contracts. The research for this study included an environmental scan of publicly available literature, studies, reports, articles, and policies and guidance, as well as consultation with the construction industry and federal government stakeholders"--Purpose of the study, page 3.
650 0|aConstruction contracts|zCanada.
650 0|aConstruction industry|zCanada|xManagement.
7101 |aCanada. |bOffice of the Procurement Ombud, |eissuing body.
77508|tAdministration des contrats de construction / |w(CaOODSP)9.951606
85640|qPDF|s474 KB|uhttps://publications.gc.ca/collections/collection_2026/spac-pspc/P114-33-2025-eng.pdf
8564 |qHTML|sN/A|uhttps://opo-boa.gc.ca/contract-administration-eng.html